Countries by Cuisine : A-Z Part - I - Statistics

General Stats
  • This quiz has been taken 26 times
  • The average score is 16 of 24
Answer Stats
Picture Answer % Correct
Mexico
96%
Japan
91%
France
87%
China
83%
India
83%
South Korea
83%
United Kingdom
83%
Greece
78%
Brazil
74%
Austria
70%
Russia
70%
Turkey
70%
Venezuela
70%
Denmark
65%
Hungary
65%
Poland
65%
Lebanon
61%
Kenya
57%
Oman
57%
Yemen
57%
Qatar
52%
Egypt
48%
Zimbabwe
48%
Norway
39%
No matching quizzes found
Score Distribution
Percent of People with Each Score
Percentile by Number Answered
Your Score History
You have not taken this quiz